LEADER 01072cam2 22002893 450 001 SOB004794 005 20230613095905.0 010 $a8814086397 100 $a20040211d2000 |||||ita|0103 ba 101 $aita 102 $aIT 200 1 $a<<2: >>Crisi della legge e sistema delle fonti$fa cura di Franco Modugno 210 $aMilano$cGiuffrè$d2000 215 $aXVII, 407 p.$d24 cm 225 2 $aInterpretazioni e trasformazioni del diritto costituzionale$v3 410 1$1001LAEC00016333$12001 $a*Interpretazioni e trasformazioni del diritto costituzionale$v3 461 1$1001SOBE00076167$12000 $aTrasformazioni della funzione legislativa 702 1$aModugno, Franco$3AF00017200$4070 801 0$aIT$bUNISOB$c20230613$gRICA 850 $aUNISOB 852 $aUNISOB$j340$m104585 912 $aSOB004794 940 $aM 102 Monografia moderna SBN 941 $aM 957 $a340$b003134$gSI$d104585$rACQUISTO$1carrano$2UNISOB$3UNISOB$420120528075858.0$520120528075954.0$6carrano 996 $aCrisi della legge e sistema delle fonti$9877686 997 $aUNISOB LEADER 01479nam 2200397 a 450 001 9910694510103321 005 20050930145322.0 035 $a(CKB)5470000002363593 035 $a(OCoLC)61751964 035 $a(EXLCZ)995470000002363593 100 $a20050930d2005 ua 0 101 0 $aeng 135 $aurmn|---||||| 181 $ctxt$2rdacontent 182 $cc$2rdamedia 183 $acr$2rdacarrier 200 10$aBorder security$b[electronic resource] $eactions needed to strengthen management of Department of Homeland Security's Visa Security Program : report to congressional committees 210 1$a[Washington, D.C.] :$cU.S. Government Accountability Office,$d[2005] 300 $aTitle from title screen (viewed on Sept. 26, 2005). 300 $a"July 2005." 300 $aPaper version available from: U.S. Government Accountability Office, 441 G St., NW, Rm. LM, Washington, D.C. 20548. 300 $a"GAO-05-801." 320 $aIncludes bibliographical references. 517 $aBorder security 606 $aVisas$xGovernment policy$zUnited States 606 $aDiplomatic and consular service, American$zSaudi Arabia 606 $aNational security$zUnited States 615 0$aVisas$xGovernment policy 615 0$aDiplomatic and consular service, American 615 0$aNational security 801 0$bGPO 801 1$bGPO 906 $aBOOK 912 $a9910694510103321 996 $aBorder security$93423087 997 $aUNINA